| 000 | 01961nam a2200409 i 4500 | ||
|---|---|---|---|
| 001 | 000039143 | ||
| 003 | DO-SdBNP | ||
| 005 | 20260520104306.0 | ||
| 007 | ta | ||
| 008 | 130527s2012 dr ac 001 0 spa d | ||
| 020 | _a9789945475548 | ||
| 040 |
_aDO-SdBNP _bspa _cBNPHU _erda |
||
| 082 | 4 |
_a327.17293 _bM385t _222 |
|
| 100 | 1 |
_aMartínez, Héctor Luis, _eautor _4aut. _99580 |
|
| 245 | 1 | 0 |
_aTensiones políticas y arbitraje de la OEA en el Caribe, 1944-1964 / _cHéctor Luis Martínez ; prólogo, Franklín Franco ; edición, Héctor Luis Martínez ; corrección, Avelino Stanley |
| 264 | 4 |
_aSanto Domingo : _bEditor Universidad Autónoma de Santo Domingo, _c2012. |
|
| 300 |
_a416 páginas : _bilustraciones, retratos ; _c24 cm. |
||
| 336 |
_atexto _btxt _2rdacontent |
||
| 337 |
_asin mediación _bn _2rdamedia |
||
| 338 |
_avolumen _bnc _2rdacarrier |
||
| 500 | _aIncluye índice onomástico. | ||
| 500 | _aIncluye datos biográficos del autor en la solapa de la cubierta. | ||
| 500 | _aIncluye referencias bibliográficas y notas al pie de las páginas. | ||
| 504 | _aBibliografía : páginas 391-406. | ||
| 505 | 0 |
_aPrólogo -- _tConformación del Sistema Interamericano -- _tTensiones políticas en el Caribe: 1944-1964 -- _tLa revolución cubana: centro de tensiones políticas en el Caribe -- _gEpílogo -- _gBibliografía -- _gÍndice onomástico. |
|
| 590 | _aInventariado, 2018/BT | ||
| 650 | 4 |
_aArbitramento internacional _936121 |
|
| 650 | 0 |
_aRelaciones internacionales _9399 |
|
| 651 | 0 |
_aCaribe (Región) _xPolítica exterior _987401 |
|
| 651 | 0 |
_aCaribe (Región) _xPolítica y gobierno _987401 |
|
| 700 | 1 |
_aFranco, Franklín, _eprologuista _4pr. _934451 |
|
| 700 | 1 |
_aMartínez, Héctor Luis, _eeditor _4ed. _99580 |
|
| 700 | 1 |
_aStanley, Avelino, _ecorrector _4corr. _981556 |
|
| 710 | 2 |
_aOrganización de Estados Americanos (OEA) _bSección Nacional Dominicana, _965351 |
|
| 910 | _aValidado. Control de calidad. EMS | ||
| 942 |
_2ddc _cLBS1 |
||
| 999 |
_c38633 _d38633 |
||